Modeling and Simulation of Electricity Systems for Transport and Energy Storage (Record no. 31704)

MARC details
000 -LEADER
fixed length control field 00889nam a2200121Ia 4500
008 - FIXED-LENGTH DATA ELEMENTS--GENERAL INFORMATION
fixed length control field 220620s9999||||xx |||||||||||||| ||und||
245 #0 - TITLE STATEMENT
Title Modeling and Simulation of Electricity Systems for Transport and Energy Storage
546 ## - LANGUAGE NOTE
Language note English[eng]
650 ## - SUBJECT ADDED ENTRY--TOPICAL TERM
Topical term or geographic name entry element thermal management system||optimal configuration||air-cooling||lithium-ion battery||electric vehicles (EVs)||photovoltaic (PV) systems||vehicle-to-grid (V2G)||smart grids (SGs)||peak shaving||amorphous transformer||energy storage||failure||feeding substation||tramway||optimization||energy storage system (ESS)||siting||sizing||regenerative braking||particle swarm optimization (PSO) algorithm||net present value (NPV)||railway network||railway system||lithium batteries||supercapacitor||Simulink||catenary-free
700 ## - ADDED ENTRY--PERSONAL NAME
Personal name Lamedica, Regina||Ruvio, Alessandro
856 ## - ELECTRONIC LOCATION AND ACCESS
Uniform Resource Identifier <a href="https://mdpi.com/books/pdfview/book/3465">https://mdpi.com/books/pdfview/book/3465</a>
942 ## - ADDED ENTRY ELEMENTS (KOHA)
Koha item type E-Books
Holdings
Withdrawn status Lost status Damaged status Not for loan Home library Current library Date acquired Total Checkouts Date last seen Price effective from Koha item type
        Kerala University of Digital Sciences, Innovation and Technology Knowledge Centre Kerala University of Digital Sciences, Innovation and Technology Knowledge Centre 20/06/2022   20/06/2022 20/06/2022 E-Books